| 000 | 00644nam a2200253Ia 4500 | ||
|---|---|---|---|
| 005 | 20260121155630.0 | ||
| 008 | 008 260114s9999 xx 000 0 eng d | ||
| 020 | _a9781351231992 | ||
| 037 | _aEBOOK | ||
| 040 | _aCRL | ||
| 040 | _beng | ||
| 040 | _cCRL | ||
| 041 | _2eng | ||
| 041 | _aeng | ||
| 084 | _qCRL | ||
| 100 |
_a Daniel S. Margolies; Umut ™zsu; Ma‹a Pal; Ntina Tzouvala _91021914 |
||
| 245 | 4 | _aThe Extraterritoriality of Law | |
| 260 | _bTaylor and Francis | ||
| 260 | _c2019 | ||
| 856 | _uhttp://www.taylorfrancis.com/books/9781351231992 | ||
| 942 | _cEBOOK | ||
| 999 |
_c1588733 _d1588733 |
||